Information retrieval (Record no. 181081)
[ view plain ]
| 000 -LEADER | |
|---|---|
| fixed length control field | 01370nam a22003494a 4500 |
| 082 04 - DEWEY DECIMAL CLASSIFICATION NUMBER | |
| Classification number | 025.06/61 |
| 100 1# - MAIN ENTRY--AUTHOR NAME | |
| Personal name | Hersh, William R. |
| 245 10 - TITLE STATEMENT | |
| Title | Information retrieval |
| 250 ## - EDITION STATEMENT | |
| Edition statement | 2nd ed. |
| 260 ## - PUBLICATION, DISTRIBUTION, ETC. (IMPRINT) | |
| Place of publication | New York : |
| Name of publisher | Springer, |
| Year of publication | c2003. |
| 300 ## - PHYSICAL DESCRIPTION | |
| Number of Pages | xiv, 517 p. : |
| Other physical details | ill. |
| 490 1# - SERIES STATEMENT | |
| Series statement | Health informatics |
| 500 ## - GENERAL NOTE | |
| General note | First ed. has subtitle: a health care perspective. |
| 650 #0 - SUBJECT ADDED ENTRY--TOPICAL TERM | |
| Topical Term | Medical informatics. |
| Topical Term | Information storage and retrieval systems |
| 856 40 - ELECTRONIC LOCATION AND ACCESS | |
| Uniform Resource Identifier | http://site.ebrary.com/lib/rucke/Doc?id=10047827 |
No items available.
